000 00709cam a2200253 4500
001
008 020423n2002 000 0 eng u
020 _a1900858754
035 _a(Sirsi) u117631
041 _aeng.
050 _a690.23
110 _aBuilding Cost Information Service
_91096
245 _aGuide to the rebuilding costs of flats 2002
250 _a3rd ed.
260 _aLondon
_bRICS
_c2002
300 _a64p.
_c30 cm.
650 _aASSOCIATION OF BRITISH INSURERS
650 _aFLATS
650 _aHOUSE REBUILDING COSTS
650 _aINSURANCE COSTS
650 _aBUILT ENVIRONMENT-BUILDING COSTS-REINSTATEMENT COSTS
690 _aBUILT ENVIRONMENT-BUILDING COSTS
942 _n0
999 _c102038
_d102038